000 00741 a2200241 4500
003 OSt
005 20180116192354.0
008 120613t xxu||||| |||| 00| 0 eng d
020 _a9781844007417 (hbk.) :
020 _a1844007413 (hbk.)
040 _c0
082 _a745.54
100 _aAbrahams, Charlotte.
_94525
245 1 0 _aWallpaper :
_b the ultimate guide /
_cCharlotte Abrahams.
260 _aLondon :
_bQuadrille,
_c2009.
300 _a254 p. :
_b col. ill. ;
_c31 cm.
500 _aIncludes index.
650 1 0 _aWallpaper.
_94526
650 1 0 _aWallpaper
_x History.
_94527
650 1 0 _aInterior decoration.
_94528
942 _aSADA
_cBK
_k745.54 ABR 2009
_2ddc
999 _c353049
_d353049